000 00861cab a2200253 4500
001 ABS52007
008 090401t1994 xxu||||| |||| 00| 0 eng d
035 _a(Sirsi) u54503
041 _aeng
100 _aSanderson, P.
245 _aPlant and machinery rating
260 _c1994
350 _a0
490 _aIRRV Journal
_vDecember 1994, 281(1)
520 _aDiscusses the Valuation for Rating (Plant and Machinery) Regulations 1994, (SI 1994:2680) which will be the basis for determining the rateability of plant and machinery, as of 1 April 1995.
650 _aNON DOMESTIC RATING
650 _aPLANT AND MACHINERY
650 _aRECEIPTS AND EXPENDITURE VALUATION METHOD
650 _aREVALUATION
650 _aVALUATION FOR RATING (PLANT AND MACHINERY) REGULATIONS
690 _aRATING AND VALUATION
942 _n0
948 _c04/03/1997
999 _c33405
_d33405